Esencia y presencia de D. Luis Lamana Lizarbe (Record no. 63436)

MARC details
000 -LEADER
campo de control de longitud fija 00732nam a2200229 i 4500
001 - NÚMERO DE CONTROL
campo de control 63436
003 - IDENTIFICADOR DE NÚMERO DE CONTROL
campo de control ES-MaACL
005 - FECHA Y HORA DE LA ÚLTIMA TRANSACCIÓN
campo de control 20250824091600.0
007 - CAMPO FIJO DE DESCRIPCIÓN FÍSICA--INFORMACIÓN GENERAL
campo de control de longitud fija t|
008 - DATOS DE LONGITUD FIJA--INFORMACIÓN GENERAL
campo de control de longitud fija 031210s1979 sp f ||||1|bspa d
080 ## - NÚMERO DE LA CLASIFICACIÓN DECIMAL UNIVERSAL
Número de la Clasificación Decimal Universal 860-821"19"
080 ## - NÚMERO DE LA CLASIFICACIÓN DECIMAL UNIVERSAL
Número de la Clasificación Decimal Universal 929 Lamana Lizarbe, Luis
100 1# - ENTRADA PRINCIPAL--NOMBRE DE PERSONA
Nombre de persona Lamana Lizarbe, Luis.
9 (RLIN) 155407
245 10 - MENCIÓN DEL TÍTULO
Título Esencia y presencia de D. Luis Lamana Lizarbe
Resto del título : abogado y escritor /
Mención de responsabilidad, etc. [introducción y comentarios], Salvador Ferrer C. Maura.
260 ## - PUBLICACIÓN, DISTRIBUCIÓN, ETC.
Lugar de publicación, distribución, etc. Madrid :
Nombre del editor, distribuidor, etc. [s.n.],
Fecha de publicación, distribución, etc. 1979.
300 ## - DESCRIPCIÓN FÍSICA
Extensión 330 p., 5 lám. ;
Dimensiones 23 cm.
700 1# - ENTRADA AGREGADA--NOMBRE PERSONAL
Nombre de persona Ferrer C. Maura, Salvador,
Fechas asociadas al nombre 1902-1985
9 (RLIN) 155406
852 ## - LOCALIZACIÓN
Ubicación ES-MaACL
Número de control de estantería A-10752
852 ## - LOCALIZACIÓN
Ubicación ES-MaACL
Número de control de estantería A-10753
852 ## - LOCALIZACIÓN
Ubicación ES-MaACL
Número de control de estantería G-4332
Holdings
Estatus retirado Estado de pérdida Estado de daño No para préstamo Biblioteca de origen Biblioteca actual Ubicación en estantería Fecha de adquisición Fuente de adquisición Total de préstamos Signatura topográfica completa Código de barras Visto por última vez Precio de reemplazo Tipo de ítem Koha
        Biblioteca del Ateneo de Madrid Biblioteca del Ateneo de Madrid Depósito 1 17/01/2008     A-10752 1066490 23/02/2023 23/02/2023 Libro impreso
        Biblioteca del Ateneo de Madrid Biblioteca del Ateneo de Madrid Depósito 1 17/01/2008     A-10753 1066491 23/02/2023 23/02/2023 Libro impreso
        Biblioteca del Ateneo de Madrid Biblioteca del Ateneo de Madrid Depósito 2 17/01/2008     G-4332 1066492 23/02/2023 23/02/2023 Libro impreso